Statistiques concernant Religions les plus pratiquées en France

Cliquez ici pour prendre le quiz!

Statistiques générales

  • Ce quiz a été pris 1 267 fois
  • Le résultat moyen est 7 sur 10

Statistiques - réponses

HintRéponse% Correct
29% de la populationCatholique
99%
10% de la populationMusulman
99%
2% de la populationJuif
91%
51% de la populationSans religion
91%
2% de la populationBouddhiste
75%
3% de la populationProtestant
75%
1% de la populationOrthodoxe
66%
0,5% de la populationHindouiste
47%
0,1% de la populationTémoins de Jéhovah
32%
0,2% de la populationSikhiste
6%

Distribution des résultats

Percentile par nombre de réponses

% des personnes avec chaque résultat

Votre développement - résultats

Vous n’avez pas pris ce quiz